000 00211nam a22000857a 4500
008 170403b xxu||||| |||| 00| 0 eng d
100 _93069
_aCCE
245 _aQuestion Bank English-IX
260 _aNew Delhi
_bCBSE
_c2010
999 _c6347
_d6347